| 000 | 00508nam a2200205Ia 4500 | ||
|---|---|---|---|
| 005 | 20240823062135.0 | ||
| 008 | 240823s9999||||xx |||||||||||||| ||und|| | ||
| 020 | _a978-93-80170-12-1 | ||
| 041 | _aENGLISH | ||
| 082 | _A005.133 Q7 | ||
| 100 | _aKannan A | ||
| 245 | 0 | _aProblem Solving and Python Programming | |
| 250 | _a1st | ||
| 260 |
_c2017 _bUnited Global Publishers Pv |
||
| 500 | _aYES | ||
| 650 |
_aPython _bComputer Applications |
||
| 700 | _aSai Ramesh L | ||
| 942 | _cBK | ||
| 999 |
_c235179 _d235179 |
||